Das hamburgische Jugendgefängnis Hahnöfersand : (Record no. 182884)

MARC details
000 -LEADER
campo de control de longitud fija 00868nam a2200217 i 4500
001 - NÚMERO DE CONTROL
campo de control 182884
003 - IDENTIFICADOR DE NÚMERO DE CONTROL
campo de control ES-MaACL
005 - FECHA Y HORA DE LA ÚLTIMA TRANSACCIÓN
campo de control 20230906221736.0
008 - DATOS DE LONGITUD FIJA--INFORMACIÓN GENERAL
campo de control de longitud fija 131122s1923 gw |||| | ger d
100 1# - ENTRADA PRINCIPAL--NOMBRE DE PERSONA
Nombre de persona Herrmann, Walter.
9 (RLIN) 153879
245 14 - MENCIÓN DEL TÍTULO
Título Das hamburgische Jugendgefängnis Hahnöfersand :
Resto del título ein Bericht über Erziehungsarbeit im Jugendstrafvollzug /
Mención de responsabilidad, etc. Walter Herrmann.
260 ## - PUBLICACIÓN, DISTRIBUCIÓN, ETC.
Lugar de publicación, distribución, etc. Hamburg :
Nombre del editor, distribuidor, etc. W. Gente,
Fecha de publicación, distribución, etc. 1923.
300 ## - DESCRIPCIÓN FÍSICA
Extensión 147 p. ;
Dimensiones 23 cm.
490 1# - MENCIÓN DE SERIE
Mención de serie Hamburgische Schriften zur gesamten Strafrechtswissenschaft / herausgeber M. Liepmann
650 #4 - PUNTO DE ACCESO ADICIONAL DE MATERIA--TÉRMINO DE MATERIA
Término de materia o nombre geográfico como elemento de entrada Delincuencia juvenil-
Subdivisión geográfica Alemania.
9 (RLIN) 153880
650 #4 - PUNTO DE ACCESO ADICIONAL DE MATERIA--TÉRMINO DE MATERIA
Término de materia o nombre geográfico como elemento de entrada Reformatorios-
Subdivisión geográfica Alemania.
9 (RLIN) 153881
700 0# - ENTRADA AGREGADA--NOMBRE PERSONAL
Nombre de persona Liepmann, Moritz.
9 (RLIN) 72250
830 0# - PUNTO DE ACCESO ADICIONAL DE SERIE-TÍTULO UNIFORME
Título uniforme Hamburgische Schriften zur gesamten Strafrechtswissenschaft / herausgeber M. Liepmann
9 (RLIN) 224904
852 ## - LOCALIZACIÓN
Ubicación ES-MaACL
Número de control de estantería G-387
Holdings
Estatus retirado Estado de pérdida Estado de daño No para préstamo Biblioteca de origen Biblioteca actual Ubicación en estantería Fecha de adquisición Fuente de adquisición Total de préstamos Signatura topográfica completa Código de barras Visto por última vez Precio de reemplazo Tipo de ítem Koha
        Biblioteca del Ateneo de Madrid Biblioteca del Ateneo de Madrid Depósito 2 04/12/2013     G-387 1192222 23/02/2023 23/02/2023 Libro impreso